Lenin, Stalin, Gorbačov /

Salvato in:
Dettagli Bibliografici
Autore principale: Reiman, Michal (Autore)
Natura: Libro
Lingua:ceco
Pubblicazione: Praha : Lidové noviny, 1991
Edizione:1.vyd.
Tags: Aggiungi Tag
Nessun Tag, puoi essere il primo ad aggiungerne!!

MARC

LEADER 00000nam a22000003a 4500
001 stu891
005 20150617225618.0
008 911218s1991----cs------------------cze-d
020 |a 80-7106-024-0 
040 |a STU  |b slo 
041 0 |a cze 
044 |a cs 
080 |a 947"19" 
100 1 |a Reiman, Michal  |4 aut 
245 1 |a Lenin, Stalin, Gorbačov /  |c [aut.] Reiman,Michal 
250 |a 1.vyd. 
260 |a Praha :  |b Lidové noviny,  |c 1991 
300 |a 213 s 
996 |b E75811  |c R*75811  |l RRUM  |s A  |a 24  |w stu891_0001